Children and television /
What is the nature of children's viewing? Why do children watch TV? How do children watch TV? How well do children follow and understand TV? Does TV improve children's knowledge?...
में बचाया:
| मुख्य लेखक: | |
|---|---|
| अन्य लेखक: | |
| स्वरूप: | पुस्तक |
| भाषा: | English |
| प्रकाशित: |
London ; New York :
Routledge,
1997.
|
| संस्करण: | 2nd ed. |
| विषय: | |
| टैग : |
टैग जोड़ें
कोई टैग नहीं, इस रिकॉर्ड को टैग करने वाले पहले व्यक्ति बनें!
|
| Thư viện lưu trữ: | Mạng thư viện Đại học Đà Nẵng |
|---|
| LEADER | 01085cam a2200361 i 4500 | ||
|---|---|---|---|
| 001 | 000048107 | ||
| 003 | 7810 | ||
| 005 | 20030313105519.0 | ||
| 008 | 010323|1997 vm 000 eng | ||
| 020 | |a 0415144515 | ||
| 040 | |a IRC |c IRC |d IRC | ||
| 041 | 0 | |a eng | |
| 082 | 1 | 4 | |a 302.2345083 |b GU-B |
| 100 | 1 | |a Gunter, Barrie. | |
| 245 | 0 | 0 | |a Children and television / |c Barrie Gunter and Jill McAleer. |
| 250 | |a 2nd ed. | ||
| 260 | |a London ; New York : |b Routledge, |c 1997. | ||
| 300 | |a 260 p. ; |c 24cm. | ||
| 520 | 3 | |a What is the nature of children's viewing? Why do children watch TV? How do children watch TV? How well do children follow and understand TV? Does TV improve children's knowledge?... | |
| 650 | 4 | |a Children. | |
| 630 | 0 | 4 | |a Television. |
| 650 | 0 | 4 | |a Television and children |z Great Britain. |
| 700 | 1 | |a McAleer, Jill. | |
| OWN | |a DUT | ||
| 999 | |a From the UDN01 | ||
| TYP | |a Monograph | ||
| TYP | |a Printed language | ||
| 980 | |a Mạng thư viện Đại học Đà Nẵng | ||


